000 00623nam a22002297a 4500
001 67041
003 UA-OsUOA
005 20220515231032.0
007 ta
008 20100209b un ||||| |||| 00| 0 ukr d
040 _aUA-OsUOA
_brus
_cUA-OsUOA
_dUA-OsUOA
041 _arus
080 _a82.09(470+571)
090 _a82.09(470+571)
_bВ44
100 _aВиленкин В.
245 _aВ сто первом зеркале
260 _aМ.
_c1987
300 _a316 с.
650 7 _a82.09 Літературна критика. Літературні дослідження
_2UDC
942 _cBK
_2udc
955 _a2
999 _c353584
_d353584